00224nam a2200073Ia 4500008004100000082001500041100002000056245007400076240331s9999 xx 000 0 und d a303.6bSOM aSomasundaram, D 0aScarred minds :bthe psychological impact of war on Sri Lankan Tamils